[Event "AUT-chT2O 1617"]
[Site "Austria"]
[Date "2016.10.15"]
[Round "1.5"]
[White "Alvir, Aco"]
[Black "Braun, Karl Heinz"]
[Result "1-0"]
[WhiteElo "2359"]
[BlackElo "2034"]
[PlyCount "31"]
[EventDate "2016.10.15"]
[EventType "team-tourn"]
[EventRounds "11"]
[EventCountry "AUT"]
[SourceTitle "EXT 2017"]
[Source "ChessBase"]
[SourceDate "2016.10.25"]
[SourceVersion "1"]
[SourceVersionDate "2016.10.25"]
[SourceQuality "1"]
[WhiteTeam "Pamhagen"]
[BlackTeam "Mattersburg"]
[WhiteTeamCountry "AUT"]
[BlackTeamCountry "AUT"]

1. e4 c5 2. Nf3 g6 3. d4 Bg7 4. Nc3 Nc6 5. dxc5 Bxc3+ 6. bxc3 Qa5 7. Bd3 Qxc3+ 8. Bd2 Qxc5 9. 0-0 Nf6 10. Rb1 d6 11. Rb5 Qa3 12. Qa1 0-0 13. Bh6 Re8 14. Nd2 Ne5 15. Nb1 Qa4 16. Nc3 1-0

[Event "AUT-chT2O 1516"]
[Site "Austria"]
[Date "2016.04.09"]
[Round "10.6"]
[White "Batyte, Daiva"]
[Black "Braun, Karl Heinz"]
[Result "1-0"]
[WhiteElo "2107"]
[BlackElo "2002"]
[PlyCount "155"]
[EventDate "2015.10.17"]
[EventType "team-tourn"]
[EventRounds "11"]
[EventCountry "AUT"]
[SourceTitle "EXT 2017"]
[Source "ChessBase"]
[SourceDate "2016.10.25"]
[SourceVersion "1"]
[SourceVersionDate "2016.10.25"]
[SourceQuality "1"]
[WhiteTeam "Stockerau"]
[BlackTeam "Mattersburg"]
[WhiteTeamCountry "AUT"]
[BlackTeamCountry "AUT"]

1. c4 Nf6 2. Nc3 c5 3. g3 Nc6 4. Bg2 g6 5. Nf3 Bg7 6. 0-0 0-0 7. d4 cxd4 8. Nxd4 Nxd4 9. Qxd4 d6 10. Qd3 Ng4 11. b3 Qa5 12. Bd2 Qh5 13. h4 Rb8 14. Rac1 Bf5 15. e4 Ne5 16. Qe3 Bg4 17. f3 Bd7 18. Nd5 Nc6 19. Qg5 Qxg5 20. Bxg5 Rfe8 21. Kh2 h6 22. Be3 b6 23. Rfd1 Red8 24. Rd2 Kf8 25. Kg1 Be6 26. Kf2 Rdc8 27. Nf4 Bd7 28. Bf1 Be8 29. Bh3 Rd8 30. Ne2 Bd7 31. Bf1 Ke8 32. Nc3 Kf8 33. Be2 Kg8 34. Nd5 Kf8 35. Rh1 Be8 36. h5 g5 37. f4 f6 38. Nc7 Bd7 39. Nb5 Rdc8 40. Rhd1 Be6 41. Rc1 a6 42. Nc3 gxf4 43. gxf4 f5 44. exf5 Bxc3 45. Rxc3 Bxf5 46. Rc1 Kf7 47. Bf3 Nd8 48. Rg1 Ne6 49. Rd5 Bh7 50. f5 Ng5 51. Bxg5 hxg5 52. Rxg5 Kf6 53. Rg4 Bxf5 54. Rf4 e6 55. Rxd6 Ke5 56. Rfd4 Rg8 57. Rd7 Bb1 58. Rd2 Bf5 59. Re2+ Kf6 60. Ra7 a5 61. Rd2 Ke5 62. Rf7 Rbf8 63. Rxf8 Rxf8 64. Ke3 Rh8 65. Rd7 Rb8 66. Ra7 Bb1 67. c5 Bxa2 68. cxb6 Bxb3 69. Rxa5+ Bd5 70. Rb5 Rb7 71. h6 Kf6 72. Bxd5 exd5 73. Kd4 Ke6 74. Kc5 d4 75. Kc6 Rb8 76. b7 d3 77. Rb2 Rd8 78. b8Q 1-0

[Event "AUT-chT2O 1314"]
[Site "Austria"]
[Date "2014.03.22"]
[Round "10.4"]
[White "Vyskocil, Neklan"]
[Black "Braun, Karl Heinz"]
[Result "1-0"]
[WhiteElo "2376"]
[BlackElo "2050"]
[PlyCount "61"]
[EventDate "2013.10.05"]
[EventType "team-tourn"]
[EventRounds "11"]
[EventCountry "AUT"]
[SourceTitle "EXT 2015"]
[Source "ChessBase"]
[SourceDate "2014.11.20"]
[SourceVersion "1"]
[SourceVersionDate "2014.11.20"]
[SourceQuality "1"]
[WhiteTeam "Zwettl"]
[BlackTeam "Ternitz"]
[WhiteTeamCountry "AUT"]
[BlackTeamCountry "AUT"]

1. d4 d5 2. c4 c6 3. cxd5 cxd5 4. Nc3 Nf6 5. Bf4 e6 6. e3 Bd6 7. Bxd6 Qxd6 8. Bd3 0-0 9. f4 Nc6 10. Rc1 Bd7 11. Nf3 Rac8 12. Ne5 Ne8 13. 0-0 Nxe5 14. fxe5 Qe7 15. Qh5 g6 16. Qh6 f5 17. exf6 Rxf6 18. Rxf6 Qxf6 19. Rf1 Qg7 20. Qf4 g5 21. Qg3 Nf6 22. h3 h6 23. Qd6 Ne8 24. Qg3 Nf6 25. Kh2 a6 26. e4 Nh5 27. Qd6 Nf4 28. Bb1 dxe4 29. Nxe4 Bb5 30. Rxf4 gxf4 31. Qxe6+ 1-0

[Event "AUT-chT2O 1314"]
[Site "Austria"]
[Date "2014.02.23"]
[Round "9.6"]
[White "Braun, Karl Heinz"]
[Black "Gratze, Michael"]
[Result "0-1"]
[WhiteElo "2050"]
[BlackElo "1982"]
[PlyCount "72"]
[EventDate "2013.10.05"]
[EventType "team-tourn"]
[EventRounds "11"]
[EventCountry "AUT"]
[SourceTitle "EXT 2015"]
[Source "ChessBase"]
[SourceDate "2014.11.20"]
[SourceVersion "1"]
[SourceVersionDate "2014.11.20"]
[SourceQuality "1"]
[WhiteTeam "Ternitz"]
[BlackTeam "Poechlarn"]
[WhiteTeamCountry "AUT"]
[BlackTeamCountry "AUT"]

1. c4 Nf6 2. g3 g6 3. Bg2 Bg7 4. Nc3 0-0 5. Nf3 d6 6. 0-0 e5 7. d4 Nc6 8. d5 Nb8 9. h3 a5 10. Be3 Na6 11. Qc1 Re8 12. Nd2 h6 13. Nb3 g5 14. Nxa5 Nb4 15. a3 Nbxd5 16. Nxb7 Bxb7 17. Nxd5 Nxd5 18. cxd5 f5 19. Bd2 e4 20. Rd1 Ba6 21. Bf1 Be5 22. Bc3 Qf6 23. Bxe5 Qxe5 24. e3 Bxf1 25. Kxf1 Rab8 26. b4 Re7 27. Qd2 Qf6 28. a4 f4 29. exf4 Rf8 30. fxg5 Qf3 31. Kg1 e3 32. fxe3 Qxg3+ 33. Qg2 Qxe3+ 34. Kh1 Rf2 35. Qg4 h5 36. Qxh5 Qe4+ 0-1

[Event "AUT-chT2O 1314"]
[Site "Austria"]
[Date "2013.11.24"]
[Round "4.6"]
[White "Braun, Karl Heinz"]
[Black "Iro, Christian"]
[Result "1-0"]
[WhiteElo "2050"]
[BlackElo "1902"]
[PlyCount "83"]
[EventDate "2013.10.05"]
[EventType "team-tourn"]
[EventRounds "11"]
[EventCountry "AUT"]
[SourceTitle "CBM 157 Extra"]
[Source "ChessBase"]
[SourceDate "2013.12.19"]
[SourceVersion "1"]
[SourceVersionDate "2013.12.19"]
[SourceQuality "1"]
[WhiteTeam "Ternitz"]
[BlackTeam "Waehring"]
[WhiteTeamCountry "AUT"]
[BlackTeamCountry "AUT"]

1. Nf3 Nf6 2. g3 g6 3. Bg2 Bg7 4. c4 d6 5. d4 0-0 6. 0-0 c5 7. Nc3 Nc6 8. d5 Na5 9. Qd3 a6 10. e4 Rb8 11. Rb1 b5 12. Nd2 Bd7 13. h3 bxc4 14. Nxc4 Nxc4 15. Qxc4 Bb5 16. Nxb5 axb5 17. Qc2 b4 18. a3 Qb6 19. b3 bxa3 20. Bxa3 Ra8 21. Bc1 Rfb8 22. Be3 Qb4 23. Bd2 Qa3 24. Bc3 Qa2 25. Rb2 Qa6 26. Rfb1 Nd7 27. Bxg7 Kxg7 28. f4 Rb4 29. e5 Ra7 30. Qc3 Kg8 31. Bf1 Qb6 32. Bc4 Qc7 33. Re2 Nb6 34. Rbe1 Qd7 35. e6 fxe6 36. Rxe6 Qb7 37. Rxd6 exd6 38. Re8+ Kf7 39. Qh8 Ra1+ 40. Kf2 Ra2+ 41. Kf3 Nd7 42. Qg8+ 1-0

[Event "Niederoesterreich Landesliga 1213"]
[Site "Austria"]
[Date "2013.03.17"]
[Round "7"]
[White "Braun, Karl Heinz"]
[Black "Danner, Lambert"]
[Result "1/2-1/2"]
[WhiteElo "2020"]
[BlackElo "2080"]
[PlyCount "21"]
[EventDate "2012.09.30"]
[EventType "team-tourn"]
[EventRounds "7"]
[EventCountry "AUT"]
[SourceTitle "EXT 2022"]
[Source "ChessBase"]
[SourceDate "2021.10.06"]
[SourceVersion "1"]
[SourceVersionDate "2021.10.06"]
[SourceQuality "1"]

1. c4 f5 2. Qc2 d6 3. d4 Nf6 4. Nf3 c6 5. Nc3 g6 6. Bg5 Bg7 7. e4 Nxe4 8. Nxe4 fxe4 9. Qxe4 Bf5 10. Qe3 Nd7 11. 0-0-0 1/2-1/2

[Event "Gleisdorf op 35th"]
[Site "Gleisdorf"]
[Date "2011.06.25"]
[Round "4"]
[White "Braun, Karl Heinz"]
[Black "Sepetavc, Walter"]
[Result "0-1"]
[WhiteElo "2041"]
[BlackElo "1977"]
[PlyCount "86"]
[EventDate "2011.06.23"]
[EventType "swiss"]
[EventRounds "5"]
[EventCountry "AUT"]
[SourceTitle "EXT 2012"]
[Source "ChessBase"]
[SourceDate "2011.11.24"]
[SourceVersion "1"]
[SourceVersionDate "2011.11.24"]
[SourceQuality "1"]

1. Nf3 c5 2. g3 Nc6 3. Bg2 g6 4. 0-0 Bg7 5. c3 e5 6. d3 Nge7 7. Nbd2 0-0 8. Ne4 d6 9. a4 h6 10. Rb1 f5 11. Ned2 a5 12. Qc2 Be6 13. Nc4 d5 14. Na3 Qd7 15. Nb5 g5 16. e3 f4 17. Ne1 Rf6 18. f3 Raf8 19. g4 Ng6 20. h3 Nh4 21. exf4 gxf4 22. Rf2 h5 23. Kf1 hxg4 24. fxg4 Nxg2 25. Rxg2 f3 26. Rg3 d4 27. Qf2 Bb3 28. Bg5 R6f7 29. Ra1 dxc3 30. Nxc3 Nd4 31. Ne4 b6 32. Nd2 Bd5 33. Ne4 Qc6 34. h4 Bxe4 35. dxe4 Qxe4 36. Qe3 Qxe3 37. Bxe3 e4 38. Rb1 Be5 39. Rh3 Bf4 40. Bg1 Bd2 41. Nd3 exd3 42. Rd1 f2 43. Rxd3 fxg1Q+ 0-1

[Event "Niederoesterreich Landesliga 1011"]
[Site "Austria"]
[Date "2011.03.06"]
[Round "11"]
[White "Zeitlhofer, Thomas"]
[Black "Braun, Karl Heinz"]
[Result "0-1"]
[WhiteElo "1735"]
[BlackElo "2006"]
[PlyCount "118"]
[EventDate "2010.09.12"]
[EventType "team-tourn"]
[EventRounds "13"]
[EventCountry "AUT"]
[SourceTitle "EXT 2022"]
[Source "ChessBase"]
[SourceDate "2021.10.06"]
[SourceVersion "1"]
[SourceVersionDate "2021.10.06"]
[SourceQuality "1"]

1. e4 g6 2. d4 Bg7 3. Nc3 d6 4. f4 e6 5. Nf3 Ne7 6. Be3 a6 7. Bd3 Nd7 8. 0-0 Nf6 9. Qd2 Ng4 10. Rad1 0-0 11. h3 Nxe3 12. Qxe3 Bd7 13. g4 Rc8 14. e5 d5 15. Ne2 c5 16. c3 cxd4 17. Nexd4 Qb6 18. Rd2 Rfe8 19. Rdf2 Qc7 20. h4 Nc6 21. g5 Ne7 22. Nh2 Nf5 23. Nxf5 exf5 24. Qd2 Bf8 25. Nf3 Qa5 26. a3 Bc5 27. Nd4 Qb6 28. Qe3 Rc7 29. Rh2 Bb5 30. Rff2 Bxd4 31. cxd4 Bxd3 32. Qxd3 Rc4 33. Rd2 Rec8 34. Rh3 Rc1+ 35. Kf2 R8c4 36. Qb3 Qc6 37. Rhd3 b5 38. Rd1 Rxd1 39. Qxd1 Rc2+ 40. Rd2 Rc1 41. Qe2 Rh1 42. Kg2 Qc1 43. Qf2 Rxh4 44. Qxh4 Qxd2+ 45. Qf2 Qc1 46. Kf3 h5 47. gxh6 Qh1+ 48. Ke3 Qe4+ 49. Kd2 Kh7 50. Kc3 a5 51. Qg3 Qe2 52. Qg5 Qc4+ 53. Kd2 Qxd4+ 54. Ke1 Qe4+ 55. Kd2 b4 56. axb4 axb4 57. b3 d4 58. Qf6 Qxf4+ 59. Kc2 Kxh6 0-1

[Event "Niederoesterreich Landesliga 1011"]
[Site "Austria"]
[Date "2010.10.10"]
[Round "3"]
[White "Vykydal, Frantisek"]
[Black "Braun, Karl Heinz"]
[Result "1-0"]
[WhiteElo "2143"]
[BlackElo "2006"]
[PlyCount "165"]
[EventDate "2010.09.12"]
[EventType "team-tourn"]
[EventRounds "13"]
[EventCountry "AUT"]
[SourceTitle "EXT 2022"]
[Source "ChessBase"]
[SourceDate "2021.10.06"]
[SourceVersion "1"]
[SourceVersionDate "2021.10.06"]
[SourceQuality "1"]

1. e4 g6 2. Nc3 Bg7 3. d3 c6 4. g3 d5 5. Bg2 dxe4 6. dxe4 Bxc3+ 7. bxc3 Qxd1+ 8. Kxd1 Nf6 9. Ba3 Nbd7 10. Ne2 Ng4 11. Ke1 Nge5 12. f4 Nc4 13. Bc1 0-0 14. a4 a5 15. Rf1 Kg7 16. Kf2 e5 17. Kg1 f6 18. h3 Re8 19. f5 Nc5 20. g4 g5 21. Kf2 Bd7 22. Be3 Nxe3 23. Kxe3 Red8 24. Nc1 b5 25. axb5 cxb5 26. Rd1 Na4 27. Rd3 Nb2 28. Rd5 Bc6 29. Rxd8 Rxd8 30. Nd3 Na4 31. Bf3 Kf8 32. Be2 Ke7 33. Nc1 Kd6 34. Bd3 Kc7 35. Nb3 Kb6 36. c4 bxc4 37. Bxc4 Nc3 38. Rxa5 Nb5 39. Bxb5 Bxb5 40. Ra1 Rc8 41. Kd2 Rc4 42. Re1 Bc6 43. Kd3 Ra4 44. Re3 Kb5 45. Nd2 Kc5 46. Re1 Ra3+ 47. Nb3+ Kb4 48. Rb1 Bb5+ 49. Kd2 Kc4 50. h4 h6 51. hxg5 hxg5 52. Rh1 Ra6 53. Rh8 Rd6+ 54. Ke3 Ba6 55. Rh7 Kb4 56. Rc7 Bc4 57. Nd2 Ba6 58. c3+ Ka5 59. Nc4+ Bxc4 60. Rxc4 Rd8 61. Rc6 Rf8 62. Rd6 Kb5 63. Kd3 Kc5 64. Rd5+ Kc6 65. Ra5 Kb6 66. Ra2 Kc5 67. Ra6 Kb5 68. Re6 Kc5 69. c4 Rd8+ 70. Kc3 Rf8 71. Ra6 Rf7 72. Ra5+ Kb6 73. Kb4 Rd7 74. Rd5 Kc7 75. c5 Rf7 76. Rd6 Rd7 77. Rxf6 Rd4+ 78. Kb5 Rxe4 79. Rf7+ Kd8 80. f6 Re1 81. c6 e4 82. c7+ Kc8 83. Re7 1-0

[Event "Niederoesterreich Landesliga 0506"]
[Site "Austria"]
[Date "2006.04.23"]
[Round "13"]
[White "Braun, Karl Heinz"]
[Black "Brehovsky, Paul"]
[Result "1-0"]
[WhiteElo "2103"]
[BlackElo "2025"]
[PlyCount "46"]
[EventDate "2005.09.18"]
[EventType "team-tourn"]
[EventRounds "13"]
[EventCountry "AUT"]
[SourceTitle "EXT 2022"]
[Source "ChessBase"]
[SourceDate "2021.10.06"]
[SourceVersion "1"]
[SourceVersionDate "2021.10.06"]
[SourceQuality "1"]

1. e4 e6 2. d4 d5 3. Bd3 dxe4 4. Bxe4 Nf6 5. Bf3 c5 6. Ne2 Nc6 7. Bxc6+ bxc6 8. 0-0 Ba6 9. Re1 Bxe2 10. Qxe2 cxd4 11. Nd2 c5 12. Nc4 Be7 13. Bg5 0-0 14. Rad1 Nd5 15. Bc1 Qc7 16. Qe4 Rfd8 17. Rd3 Bf6 18. Rh3 g6 19. g4 Bg7 20. g5 f5 21. gxf6 Nxf6 22. Qh4 Nh5 23. Qe4 Rab8 1-0

[Event "AUT-ch qual"]
[Site "Gmunden"]
[Date "2005.08.20"]
[Round "8"]
[White "Gruber, Gernot"]
[Black "Braun, Karl Heinz"]
[Result "1/2-1/2"]
[WhiteElo "2102"]
[BlackElo "2140"]
[PlyCount "69"]
[EventDate "2005.08.13"]
[EventType "swiss"]
[EventRounds "9"]
[EventCountry "AUT"]
[SourceTitle "CBM 107 Extra"]
[Source "ChessBase"]
[SourceDate "2005.09.01"]
[SourceVersion "1"]
[SourceVersionDate "2005.09.01"]
[SourceQuality "1"]

1. e4 e5 2. Nf3 Nc6 3. d4 exd4 4. Nxd4 Qf6 5. Be3 Bc5 6. c3 Nge7 7. Bc4 0-0 8. 0-0 Ne5 9. Be2 d5 10. f4 Qh6 11. Qd2 N5c6 12. e5 Bxd4 13. cxd4 Nf5 14. Nc3 Nxe3 15. Qxe3 Ne7 16. Bd3 Bd7 17. Qf3 Qb6 18. Qf2 f6 19. Kh1 fxe5 20. Bxh7+ Kxh7 21. Qh4+ Kg8 22. Qxe7 Rf7 23. Qxe5 Qxb2 24. Rac1 Re8 25. Qg5 c5 26. Nxd5 cxd4 27. f5 Bxf5 28. Ne7+ Rfxe7 29. Qxf5 Qxa2 30. Ra1 Rf7 31. Qd3 Rxf1+ 32. Rxf1 Qd5 33. h3 a6 34. Qg6 Qc6 35. Qf7+ 1/2-1/2

[Event "Niederoesterreich Landesliga 0405"]
[Site "Austria"]
[Date "2005.03.06"]
[Round "9"]
[White "Braun, Karl Heinz"]
[Black "Pernerstorfer, Johannes"]
[Result "0-1"]
[WhiteElo "2096"]
[BlackElo "2046"]
[PlyCount "120"]
[EventDate "2004.09.19"]
[EventType "team-tourn"]
[EventRounds "11"]
[EventCountry "AUT"]
[SourceTitle "EXT 2022"]
[Source "ChessBase"]
[SourceDate "2021.10.06"]
[SourceVersion "1"]
[SourceVersionDate "2021.10.06"]
[SourceQuality "1"]

1. e4 c5 2. Nf3 d6 3. c3 Nf6 4. d3 Nc6 5. g3 Bg4 6. h3 Bh5 7. g4 Bg6 8. Nh4 e5 9. Nxg6 hxg6 10. Bg2 Be7 11. Nd2 Nd7 12. Nc4 Rc8 13. 0-0 b5 14. Ne3 Bg5 15. Nd5 Bxc1 16. Rxc1 g5 17. a4 a6 18. axb5 axb5 19. Qb3 Rb8 20. Ra1 Rb7 21. Ra6 Ndb8 22. Ra8 0-0 23. Rfa1 Qd7 24. Qa2 Nd8 25. d4 cxd4 26. cxd4 Ne6 27. dxe5 dxe5 28. b4 Nc6 29. Rxf8+ Kxf8 30. Qa8+ Rb8 31. Qa2 Nf4 32. Qc2 Ne6 33. Ra6 Ncd4 34. Qa2 g6 35. Ra8 Rxa8 36. Qxa8+ Kg7 37. Qb8 f6 38. Kh2 Qf7 39. Bf1 Nf3+ 40. Kg3 Nd2 41. Bd3 Nf4 42. Qxb5 f5 43. gxf5 gxf5 44. Ne3 Nh5+ 45. Kg2 Nf4+ 46. Kh1 fxe4 47. Qxe5+ Qf6 48. Qc7+ Kg6 49. Bxe4+ Nxe4 50. Qc2 Qd4 51. b5 Nxh3 52. Ng4 Kh5 53. Qxe4 Qxf2 54. Nxf2 Nxf2+ 55. Kg2 Nxe4 56. b6 Nc5 57. Kf3 Kh4 58. Ke3 g4 59. Kf2 Kh3 60. Kg1 Kg3 0-1

[Event "Niederoesterreich Landesliga 0304"]
[Site "Austria"]
[Date "2003.11.16"]
[Round "5"]
[White "Sadilek, Maximilian"]
[Black "Braun, Karl Heinz"]
[Result "1/2-1/2"]
[WhiteElo "2017"]
[BlackElo "2124"]
[PlyCount "113"]
[EventDate "2003.09.21"]
[EventType "team-tourn"]
[EventRounds "11"]
[EventCountry "AUT"]
[SourceTitle "EXT 2022"]
[Source "ChessBase"]
[SourceDate "2021.10.06"]
[SourceVersion "1"]
[SourceVersionDate "2021.10.06"]
[SourceQuality "1"]

1. e4 g6 2. d4 Bg7 3. Nc3 c5 4. Nf3 cxd4 5. Nxd4 Nf6 6. Be3 d6 7. f3 Nc6 8. Qd2 h5 9. Bc4 Bd7 10. h4 a6 11. Nd5 Ne5 12. Bb3 Rc8 13. Nf5 Bxf5 14. exf5 gxf5 15. Nxf6+ Bxf6 16. Bg5 Bg7 17. 0-0-0 0-0 18. Bh6 e6 19. Rh3 d5 20. Rg3 Ng6 21. Bxg7 Kxg7 22. Rg5 f6 23. Rxh5 Rh8 24. g4 Rxh5 25. gxh5 Ne5 26. Qf4 Kh7 27. Bxd5 Qc7 28. Qd2 exd5 29. c3 Nxf3 30. Qxd5 Qf4+ 31. Kc2 Qe4+ 32. Qxe4 fxe4 33. Rd7+ Kh6 34. Rxb7 Rc6 35. Re7 Ne5 36. b4 Kxh5 37. a4 Rd6 38. c4 e3 39. c5 Rd5 40. c6 e2 41. Rh7+ Kg4 42. c7 e1Q 43. c8Q+ f5 44. Qg8+ Kf4 45. Qxd5 Qa1 46. a5 Ng4 47. Qc4+ Kf3 48. Qc3+ Ne3+ 49. Kb3 Qb1+ 50. Ka3 f4 51. Rc7 Kg4 52. h5 Kxh5 53. Qh8+ Kg4 54. Rg7+ Kf3 55. Qh3+ Kf2 56. Qh2+ Kf3 57. Qh3+ 1/2-1/2